000 00233nam a22000977a 4500
040 _cFIZZA ISHAQ
082 _a276.12
_bMOH
100 _aTHIOLA,F.MOHIO.
_9133708
245 _aSTUDENTS & SOLUTIONS /
_cMOHIO F.THIOLA.
942 _2ddc
_cBK
999 _c616672
_d616672